| 000 | 00787nam a2200253 a 4500 | ||
|---|---|---|---|
| 001 | c 64000770 | ||
| 003 | DLC | ||
| 005 | 20260227111034.0 | ||
| 008 | 061018s1959 cc 000 0 chi | ||
| 010 | _ac 64000770 | ||
| 035 | _a(CStRLIN)DCLP06-B20868 | ||
| 040 |
_aDLC _cDLC _dDLC-R |
||
| 050 | 0 | 0 |
_aPL2922.S43 _bH8 |
| 066 | _c$1 | ||
| 100 | 1 |
_6880-01 _aYang, Shangkui. |
|
| 245 | 1 | 0 |
_6880-02 _aHong se Gan Yue bian / _cYang Shangkui. |
| 250 |
_6880-03 _aDi 1 ban. |
||
| 260 |
_6880-04 _aBeijing : _bZuo jia chu ban she, _c1959 _g(1962 printing) |
||
| 300 |
_a179 p. ; _c19 cm. |
||
| 880 | 1 |
_6100-01/$1 _a楊 尚奎. |
|
| 880 | 1 | 0 |
_6245-02/$1 _a紅色贛粤边 / _c楊尚奎. |
| 880 |
_6250-03/$1 _a第1版. |
||
| 880 |
_6260-04/$1 _a北京 : _b作家出版社, _c1959 _g(1962 printing) |
||
| 999 |
_c12830 _d12830 |
||